000 nam a22 7a 4500
999 _c10365
_d10365
008 180215b ||||| |||| 00| 0 eng d
100 _aPooranmal
_96321
245 _aGlobal Mathematics-6
260 _aNew Delhi